| 000 | 00509 a2200133 4500 | ||
|---|---|---|---|
| 082 | _aMIT-6 | ||
| 100 |
_aMuhammad Atif Khan _9106180 |
||
| 245 |
_aSemantically enriched preference based meeting scheduler _cMuhammad Atif Khan |
||
| 260 |
_aIslamabad : _bNUST School of Electrical Engineering & Computer Science, _c2009. |
||
| 300 |
_axiii, 69 p. : _bill. ; _c27 cm. |
||
| 500 | _aSupervisor : Dr. Hafiz Farooq Ahmad. | ||
| 856 | _uhttp://10.250.8.41:8080/xmlui/handle/123456789/31920 | ||
| 942 |
_cPR _kMIT- 6 ATI _2ddc |
||
| 999 |
_c9945 _d9945 |
||